Homélies bibliques /

محفوظ في:
التفاصيل البيبلوغرافية
المؤلف الرئيسي: Rahner, Karl (autor)
مؤلفون آخرون: Vorgrimler, Herbert (prólogo) (prólogo)
التنسيق: كتاب
اللغة:الفرنسية
منشور في: Mulhouse, Francia : Salvator, 1967, c1967
الوسوم: إضافة وسم
لا توجد وسوم, كن أول من يضع وسما على هذه التسجيلة!

MARC

LEADER 00000nam^a2200000^a^4500
001 000628486
005 20260226000000.0
009 20260310134113.735
037 |a Acervo Xavier Clavigero 
041 |a FRA 
091 |a FHG. 01430 
100 |a Rahner, Karl  |e (autor) 
245 1 0 |a Homélies bibliques / 
264 4 |a Mulhouse, Francia :  |b Salvator,  |c 1967, c1967 
300 |a 211 p. 
336 |a texto  |b txt  |2 rdacontenido 
337 |a sin mediación  |b n  |2 rdamedio 
338 |a volumen  |b nc  |2 rdasoporte 
649 |a XX 
700 |a Vorgrimler, Herbert  |e (prólogo) 
910 |a Fondo Humberto García Bedoy S.J. 
920 |a Impresos - Libros 
930 |a Fondos Especiales 
905 |a 148 
901 |a 628722-10  |b IT2  |c ESP  |i D  |u 20260226 
902 |a https://opac.biblio.iteso.mx/vufind/Record/000628486